NEMATÍN, nový prípravok na dezinfekciu pôd

Bibliographic Details
Main Author: Šály, Anton, 1931- (Author)
Format: Article
Language:Slovak

MARC

LEADER 00000nab a2200000 a 4500
001 vtls010709017
003 SK-MaSNL
005 20260304195128.0
008 250709s1962 xo |||||||||||||||||slo|
035 |a (urnnbn)urn:nbn:sk:snk:ar-a044d4 
035 |a (uuid)d004e6ec-5f86-4a9e-8393-a9d2248c8f5e 
035 |a urn:nbn:sk:snk-ab3cqj 
040 |a SNKBUCL  |b slo  |c SNKBUCL  |e AACR2 
041 0 |a slo 
044 |a xo  |c SK 
100 1 |a Šály, Anton,  |d 1931-  |4 aut  |9 97913 
245 1 0 |a NEMATÍN, nový prípravok na dezinfekciu pôd  |c Anton Šály 
773 0 |t Agrochemikálie : časopis venovaný chemizácii poľnohospodárstva  |g Roč. 2, č. 1 (1962), s. 16-18 
850 |a Slovenská národná knižnica 
852 |a Slovenská národná knižnica 
954 |a odborná, vedecká literatúra pôvodná (slovenská)  |2 lita 
958 |a article1 
958 |a OND 
958 |a EUIPO 
999 |c 3079513  |d 3081443